00463nam a2200157Ia 45000010006000000050017000060080041000230410008000640820016000721000037000882450121001252600009002463000034002556500008002896540008002971397820260306164840.0260306t1995||||xx |||||||||||||| ||spa|| aESP a005.74bP52 aPiattini Velthuis, Mario G.eAUT 0aElementos y herramientas en el desarrollo de sistemas de información:buna visión actual de la tecnología CASE c1995 axxxv, 481 páginas :c23 cm. aGEN aCCC